000 00413cam a2200169ua 4500
001 13045
008 141126n II |||gr||||Z||||||eng
040 _aMAIN
041 _aEnglish
082 _a591 GHO
100 _aGHOSE, K. C.
245 _aPRACTICAL ZOOLOGY
260 _aKOLKATA:
_bNEW CENTRAL BOOK AGENCY.,
_c1996.
300 _a481:
_c21CM.
653 _aSpecific topics in natural history
942 _cBK
999 _c12932
_d12932